000 00523 a2200169 4500
020 _a0065000048
020 _a9780065000047
082 0 4 _a520
090 _c790
_d790
100 1 _aKaler, James B.
245 1 0 _aAstronomy! /
_cJames B. Kaler.
260 _a[S.l.] :
_bHarpercollins College Div,
_c1994.
300 _a612 p. ;
_c28 cm.
700 _aKaler, James B.
942 _aSNS
_cBK
_k520 KAL
999 _c29415
_d29415